Top-down or bottom-up: aggregate versus disaggregate extrapolations.

Dva postupy na predpovede prvkov výberu v skupine výrobkov. Postup zhora nadol používa agregovaný prognostický model na vypracovanie súhrnnej predpovede, ktorá sa potom alokuje na jednotlivé prvky na báze ich historickej relatívnej frekvencie. Postup zdola nahor uplatňuje individuálny model predpove...

Descripción completa

Guardado en:
Detalles Bibliográficos
Autor principal: Dangerfield, B.J
Otros Autores: Morris, J.S
Formato: Capítulo de libro
Lenguaje:inglés
Materias:
Etiquetas: Agregar Etiqueta
Sin Etiquetas, Sea el primero en etiquetar este registro!

MARC

LEADER 00000naa a2200000 4500
001 r011021
005 20221130113016.6
041 0 |a eng 
044 |a NL 
245 1 0 |a Top-down or bottom-up: aggregate versus disaggregate extrapolations.  |c B.J. Dangerfield, J.S. Morris 
520 |a Dva postupy na predpovede prvkov výberu v skupine výrobkov. Postup zhora nadol používa agregovaný prognostický model na vypracovanie súhrnnej predpovede, ktorá sa potom alokuje na jednotlivé prvky na báze ich historickej relatívnej frekvencie. Postup zdola nahor uplatňuje individuálny model predpovede pre každý prvok v súbore. Porovnanie oboch prístupov. Účinky korelácie medzi jednotlivými prvkami a relatívnou frekvenciou jednotlivých prvkov v skupine výrobkov. Väčšinou dal postup zdola nahor u prvkov skupiny presnejšie výsledky. 
610 2 0 |a prognózy 
610 2 0 |a modely prognostické 
610 2 0 |a výrobky 
610 2 0 |a metódy ekonomicko-matematické 
610 2 0 |a rady časové 
100 1 |a Dangerfield, B.J. 
700 1 |a Morris, J.S.